| 000 | 00408nam a2200145Ia 4500 | ||
|---|---|---|---|
| 008 | 230917s9999||||xx |||||||||||||| ||und|| | ||
| 040 |
_e129883 _aMAIN |
||
| 041 | _aEnglish | ||
| 082 | _a820.9 S51L | ||
| 100 | _aSmith, A J | ||
| 245 | 0 | _aLiterary love: the role of passion in english poems and plays of the seventeenth century | |
| 260 |
_aLondon _bEdward Arnold _c1983 |
||
| 300 | _a184p. p. | ||
| 942 | _cBK | ||
| 999 |
_c44252 _d44252 |
||